| 000 | 00580nam a2200193Ia 4500 | ||
|---|---|---|---|
| 008 | 220216s9999 xx 000 0 und d | ||
| 100 | _aJacobi M M | ||
| 245 | 0 | _aStudy of the epoxidation of polydiene rubbers II. Influence of the microstructure on the epoxidation of BR with performic acid | |
| 260 |
_bKautschuk Gummi Kunststoffe _c2004 |
||
| 300 | _a82-88 | ||
| 650 | _aBR | ||
| 650 | _aIn situ epoxidation | ||
| 650 | _aKinetics of epoxidation | ||
| 650 | _aPerformic acid | ||
| 700 | _aSantin C K | ||
| 700 | _aSchuster R H | ||
| 700 | _aViganico M E | ||
| 942 | _cJS | ||
| 999 |
_c69804 _d69804 |
||